Mayamata: an indian treatise on housing architecture and iconography (Record no. 11360)
[ view plain ]
| 000 -LEADER | |
|---|---|
| fixed length control field | 00451 a2200169 4500 |
| 003 - CONTROL NUMBER IDENTIFIER | |
| control field | OSt |
| 005 - DATE AND TIME OF LATEST TRANSACTION | |
| control field | 20230309102517.0 |
| 008 - FIXED-LENGTH DATA ELEMENTS--GENERAL INFORMATION | |
| fixed length control field | 230309b ||||| |||| 00| 0 eng d |
| 020 ## - INTERNATIONAL STANDARD BOOK NUMBER | |
| International Standard Book Number | 978-8120835252 |
| 082 ## - DEWEY DECIMAL CLASSIFICATION NUMBER | |
| Classification number | 722.44 |
| Item number | DAG |
| 100 ## - MAIN ENTRY--PERSONAL NAME | |
| Personal name | Bruno Dagens |
| 245 ## - TITLE STATEMENT | |
| Title | Mayamata: an indian treatise on housing architecture and iconography |
| 250 ## - EDITION STATEMENT | |
| Edition statement | 2nd ed. |
| 260 ## - PUBLICATION, DISTRIBUTION, ETC. (IMPRINT) | |
| Name of publisher, distributor, etc | New age books Publishers |
| Place of publication, distribution, etc | New Delhi |
| Date of publication, distribution, etc | 2017 |
| 300 ## - PHYSICAL DESCRIPTION | |
| Extent | 389p.; |
| 942 ## - ADDED ENTRY ELEMENTS (KOHA) | |
| Source of classification or shelving scheme | |
| Withdrawn status | Lost status | Source of classification or shelving scheme | Damaged status | Koha normalized classification for sorting | Not for loan | Permanent location | Current location | Date acquired | Source of acquisition | Cost, normal purchase price | Full call number | Barcode | Date last seen | Cost, replacement price | Price effective from | Koha item type | Total Checkouts | Total Renewals | Date last borrowed |
|---|---|---|---|---|---|---|---|---|---|---|---|---|---|---|---|---|---|---|---|
| 722_440000000000000_DAG | BMS College of Architecture, Design and Planning | BMS College of Architecture, Design and Planning | 2023-03-16 | 3 | 367.50 | 722.44 DAG | AR-UG2960 | 2023-03-16 | 525.00 | 2023-03-16 | UG Books | ||||||||
| 722_440000000000000_DAG | BMS College of Architecture, Design and Planning | BMS College of Architecture, Design and Planning | 2023-03-16 | 3 | 367.50 | 722.44 DAG | AR-UG2961 | 2023-04-20 | 525.00 | 2023-03-16 | UG Books | 1 | 1 | 2023-03-31 | |||||
| 722_440000000000000_DAG | BMS College of Architecture, Design and Planning | BMS College of Architecture, Design and Planning | 2023-03-16 | 3 | 367.50 | 722.44 DAG | AR-UG2962 | 2023-07-05 | 525.00 | 2023-03-16 | UG Books | 1 | 2023-06-14 |